Pokémon - Les attaques de Goinfrex - Statistiques

Statistiques générales
  • Ce quiz a été pris 14 fois
  • Le résultat moyen est 10 sur 16
Statistiques - réponses
Niveaux Types Noms des attaques % Correct
Départ Spectre Léchouille
100%
Départ Normal Charge
91%
Niveau 28 Normal Plaquage
91%
Niveau 20 Normal Avale
82%
Niveau 16 Ténèbres Morsure
82%
Niveau 20 Normal Stockage
82%
Niveau 36 Psy Amnésie
73%
Niveau 4 Normal Boul'Armure
73%
Niveau 32 Ténèbres Dégommage
64%
Niveau 48 Normal Cognobidon
45%
Niveau 24 Normal Grincement
45%
Niveau 52 Normal Dernier Recours
36%
Niveau 44 Normal Gigotage
27%
Niveau 12 Normal Implore
27%
Niveau 40 Normal Métronome
27%
Niveau 8 Normal Recyclage
27%
Aucun quiz correspondant
Distribution des résultats
% des personnes avec chaque résultat
Percentile par nombre de réponses
Votre historique - résultats
Vous n’avez pas pris ce quiz